Adrenoceptors and catecholamine action /

Bibliographic Details
Other Authors: Kunos, George
Format: Book
Language:English
Published: New York : Wiley, [1981-]
Series:Neurotransmitter receptors v. 1.
Subjects:

MARC

Tag First Indicator Second Indicator Subfields
LEADER 00000cam a22000008a 4500
001 in00000084915
005 20151214140909.0
008 810604m19819999nyu b 00100 eng
010 |a  81010431  
020 |a 0471057258 
035 |a (OCoLC)07572672 
035 |9 AAJ0599AM 
039 0 |a 2  |b 3  |c 3  |d 3  |e 3 
040 |a DLC  |c DLC  |d TXA  |d UtOrBLW 
049 |a TXAM  |d [  |v -pt.]  |v A [1422147] 
050 0 0 |a QP801.C33  |b A35 
082 0 |a 612/.814  |2 19 
245 0 0 |a Adrenoceptors and catecholamine action /  |c edited by George Kunos. 
263 |a 8107 
264 1 |a New York :  |b Wiley,  |c [1981-] 
264 4 |c ©1981- 
300 |a volumes ;  |c 24 cm. 
336 |a text  |b txt  |2 rdacontent 
337 |a unmediated  |b n  |2 rdamedia 
338 |a volume  |b nc  |2 rdacarrier 
490 1 |a Neurotransmitter receptors ;  |v v. 1 
500 |a "A Wiley-Interscience publication." 
504 |a Includes bibliographical references and index. 
650 0 |a Catecholamines  |x Physiological effect. 
650 0 |a Adrenaline  |x Receptors. 
700 1 |a Kunos, George. 
830 0 |a Neurotransmitter receptors  |v v. 1. 
999 |a MARS 
999 f f |s 161ce52b-0f49-3aa7-80af-9166636e390a  |i 7b6966f5-1bcc-38e5-80fe-66b237d0350d  |t 0 
952 f f |p ric  |a Texas A&M University  |b Rellis Campus  |c Joint Library Facility  |d Remote Storage  |t 0  |e QP801.C33 A35  |h Library of Congress classification  |i unmediated -- volume  |m A14806225875 
998 f f |a QP801.C33 A35  |s pt.A  |t 0  |l Remote Storage